| 000 | 00747nam a22001577a 4500 | ||
|---|---|---|---|
| 003 | OSt | ||
| 005 | 20151003151345.0 | ||
| 008 | 151003b xxu||||| |||| 00| 0 eng d | ||
| 040 | _cRUA | ||
| 082 | _aAVM NHE 2002 B072 Or.1 | ||
| 100 |
_91917 _aNHEM,BUNROTH. |
||
| 245 | _aAssessment of constraints and opportunities for small scale pig raising in tramkok district, takeo province, ការវិផាគលើសក្តានុពល និងកត្តរារាំងដល់ការចិញ្ចឹមជ្រូកជាលក្ខណៈគ្រួសារ នៅស្រុកត្រាំកក់ ខេត្តតាកែវ | ||
| 260 |
_aPhnom Penh _bRUA _c2002 |
||
| 300 |
_avii; 54p. _bill. _c29cm. |
||
| 942 |
_2ddc _cAVM |
||
| 999 |
_c1811 _d1811 |
||